Angol nyelvtanfolyam kisiskolásoknak III. rész /

Elmentve itt :
Bibliográfiai részletek
Szerző: Hegedűs Katalin
Dokumentumtípus: Cikk
Megjelent: 1991
Sorozat:Módszertani közlemények 31 No. 2
Kulcsszavak:Neveléstudomány, Nyelvtudomány
Online Access:http://acta.bibl.u-szeged.hu/27723
LEADER 00641nab a2200181 i 4500
001 acta27723
005 20210223113553.0
008 161017s1991 hu o 0|| hun d
022 |a 1219-0039 
040 |a SZTE Egyetemi Kiadványok Repozitórium  |b hun 
041 |a hun 
100 1 |a Hegedűs Katalin 
245 1 0 |a Angol nyelvtanfolyam kisiskolásoknak   |h [elektronikus dokumentum] :  |b III. rész /  |c  Hegedűs Katalin 
260 |c 1991 
300 |a 92-102 
490 0 |a Módszertani közlemények  |v 31 No. 2 
695 |a Neveléstudomány, Nyelvtudomány 
856 4 0 |u http://acta.bibl.u-szeged.hu/27723/1/modszertani_031_002_092-102.pdf  |z Dokumentum-elérés